Quiz sur bebouland - Statistiques

Statistiques générales
  • Ce quiz a été pris 21 fois
  • Le résultat moyen est 6 sur 10
Statistiques - réponses
Question Réponse % Correct
Drapeau
100%
Date de création du Royaume 25/12/2023
100%
Langue officielle On sen fou on parl kom on ve ici
100%
Paysage
60%
Nombre d'habitants 2
60%
Qui est la reine de bebouland ? Lady Margaux I
60%
Localisation
40%
Superficie 0,185806 m2
40%
Pays frontaliers Rauyaume-Uni
40%
Seule entreprise du pays Leboncoin
20%
Aucun quiz correspondant
Distribution des résultats
% des personnes avec chaque résultat
Percentile par nombre de réponses
Votre historique - résultats
Vous n’avez pas pris ce quiz